00231nam a22000977a 4500020001800000082002000018100001600038245003300054260002300087650002300110 a9788184654530 a306.0899145 COS aKoshy Ninan aCaste in the Kerala Churches aDelhibISPCKc2014 aCaste-India-Kerala